Diffusion processes and their sample paths /

Guardado en:
Autor Principal: Itô, Kiyosi, 1915-
Otros Autores: McKean, Henry P.
Formato: Libro
Idioma:English
Publicado: New York : Berlin : Academic Press ; Springer-Verlag, 1965.
Series:Grundlehren der mathematischen Wissenschaften in Einzeldarstellungen mit besonderer Berücksichtigung der Anwendungsgebiete ; Bd. 125
Etiquetas: Agregar Etiqueta
Sin Etiquetas, Sea el primero en etiquetar este registro!
LEADER 00808cam a22002055 4500
001 MAT.inmabb001820
008 831114s1965####nyua#####b####001#0#eng#d
005 20130327165208.0
245 1 0 |a Diffusion processes and their sample paths /  |c by Kiyosi Itô and Henry P. McKean, Jr. 
260 |a New York :  |b Academic Press ;  |a Berlin :  |b Springer-Verlag,  |c 1965. 
300 |a xvi, 321 p. :  |b il. ;  |c 24 cm. 
440 0 |a Grundlehren der mathematischen Wissenschaften in Einzeldarstellungen mit besonderer Berücksichtigung der Anwendungsgebiete ;  |v Bd. 125 
504 |a Bibliografía: p. [306]-312. 
510 4 |a MR,  |c 33 #8031 
100 1 |a Itô, Kiyosi,  |d 1915- 
700 1 |a McKean, Henry P. 
084 |a 60J60 (60G17 60J70)  |2 msc2000 
010 |a  64022578  
044 |a nyu  |a gw 
859 |h 60  |i It89  |p A-3280  |b BIB. MATEMATICA